Music Quiz

Random Music or Album Quiz

Music Sixes Quiz Stats

 Plays Quiz Updated Feb 21, 2019

Score 0/36 Timer 06:00
1 Play Today
Hint Answer % Correct
Instruments on the The Modern Jazz Sextet AlbumAlto Saxophone
82.2%
First 6 Tracks on Michael Jackson's Number Ones AlbumThriller
82%
Instruments on the The Modern Jazz Sextet AlbumTrumpet
78.7%
Top 6 Most Performed Concert Composers †Beethoven
78.7%
First 6 Tracks on Michael Jackson's Number Ones AlbumBillie Jean
75.2%
Top 6 Most Performed Concert Composers †Mozart
73.9%
Top 6 Most Performed Concert Composers †Bach
71.9%
1967 Beatles Song Mentioning 'Kaleidoscope Eyes'Lucy
69.7%
Instruments on the The Modern Jazz Sextet AlbumDrums
69.4%
1967 Beatles Song Mentioning 'Kaleidoscope Eyes'the
69.3%
Instruments on the The Modern Jazz Sextet AlbumDouble Bass
67.2%
1967 Beatles Song Mentioning 'Kaleidoscope Eyes'in
66.1%
1967 Beatles Song Mentioning 'Kaleidoscope Eyes'with
65.5%
1967 Beatles Song Mentioning 'Kaleidoscope Eyes'Sky
65.4%
1967 Beatles Song Mentioning 'Kaleidoscope Eyes'Diamonds
65.3%
Instruments on the The Modern Jazz Sextet AlbumPiano
64.6%
First 6 Tracks on Michael Jackson's Number Ones AlbumBeat It
60.8%
Instruments on the The Modern Jazz Sextet AlbumGuitar
59.6%
Hint Answer % Correct
N.W.A. Past MembersIce Cube
55%
6 Top-Selling Female Country Artists/Acts *Shania Twain
51.3%
N.W.A. Past MembersDr. Dre
48.9%
6 Top-Selling Female Country Artists/Acts *Carrie Underwood
48%
6 Top-Selling Female Country Artists/Acts *Taylor Swift
45.1%
N.W.A. Past MembersEazy-E
40.2%
Top 6 Most Performed Concert Composers †Brahms
39.8%
6 Top-Selling Female Country Artists/Acts *Dixie Chicks
35.1%
6 Top-Selling Female Country Artists/Acts *Reba McEntire
31.1%
Top 6 Most Performed Concert Composers †Tchaikovsky
30.7%
First 6 Tracks on Michael Jackson's Number Ones AlbumDon't Stop 'Til You Get Enough
19.8%
First 6 Tracks on Michael Jackson's Number Ones AlbumRock With You
18.5%
N.W.A. Past MembersMC Ren
15.9%
Top 6 Most Performed Concert Composers †Schubert
14%
N.W.A. Past MembersDJ Yella
13.1%
First 6 Tracks on Michael Jackson's Number Ones AlbumI Just Can't Stop Loving You
9.9%
N.W.A. Past MembersArabian Prince
5.2%
6 Top-Selling Female Country Artists/Acts *Linda Ronstadt
3.7%

You're not logged in!

Compare scores with friends on all Sporcle quizzes.
OR
Log In

Sporcle TV

Today on Sporcle TV


Watch our educational content, quiz creation guides, and fun videos on Sporcle TV.

Show Comments

Extras

Top Quizzes Today


Score Distribution

Your Account Isn't Verified!

In order to create a playlist on Sporcle, you need to verify the email address you used during registration. Go to your Sporcle Settings to finish the process.

Report this User

Report this user for behavior that violates our Community Guidelines.

Details: